[Event "Moscow-ch Men 2019"]
[Site "Moscow"]
[Date "2019.04.07"]
[Round "9.16"]
[White "Ageichenko, Genadi A"]
[Black "Obolentseva, Alexandra"]
[Result "1/2-1/2"]
[WhiteElo "2208"]
[BlackElo "2326"]
[Annotator "NA"]
[PlyCount "141"]
[EventDate "2019.03.30"]
[EventType "swiss"]
[EventCountry "RUS"]
[SourceTitle "playchess.com"]
[Source "ChessBase"]
[SourceQuality "1"]
[TimeControl "5400+30"]

1. Nf3 {[%emt 0:00:00]} Nf6 {[%emt 0:01:02]} 2. d4 {[%emt 0:01:37]} g6 {[%emt 0:00:44]} 3. Bg5 {[%emt 0:00:32]} Bg7 {[%emt 0:00:10]} 4. Nbd2 {[%emt 0:00:15]} d5 {[%emt 0:01:00]} 5. e3 {[%emt 0:01:20]} O-O {[%emt 0:00:09]} 6. Bd3 {[%emt 0:03:14]} Nbd7 {[%emt 0:00:55]} 7. O-O {[%emt 0:00:32]} c5 {[%emt 0:00:20]} 8. c3 {[%emt 0:00:14]} h6 {[%emt 0:00:31]} 9. Bh4 {[%emt 0:00:26]} Re8 {[%emt 0:02:37] D03: 1 d4 d5 2 Nf3 Nf6 3 Bg5, including Torre Attack with early ...d5} 10. Bg3 {[%emt 0:08:44]} (10. Re1 Qb6 11. Qc2 e5 12. e4 dxe4 13. Bxe4 Nxe4 14. Qxe4 Qxb2 15. Nc4 Qb3 16. dxe5 Qb4 17. Qc2 {½-½ (27) Le Roux,J (2490)-Gladyszev,O (2473) Rennes 2008}) 10... Nh5 {[%emt 0:01:03]} 11. Be5 {[%emt 0:06:35]} Nxe5 {[%emt 0:01:00]} 12. Nxe5 {[%emt 0:03:24]} Nf6 $146 {[%emt 0:03:26]} ({Predecessor:} 12... cxd4 13. cxd4 Bxe5 14. dxe5 Ng7 15. Nb3 Qc7 16. f4 Qb6 17. Qd2 {0-1 (55) Harzer,P (2024)-Schuettig,R (2171) Winterberg 2004}) 13. b4 {[%emt 0:02:27]} cxb4 {[%emt 0:00:50]} 14. cxb4 {[%emt 0:00:02]} Nd7 15. f4 {[%emt 0:08:23]} Qb6 {[%emt 0:04:34]} 16. Qa4 {[%emt 0:03:15]} Rd8 {[%emt 0:01:22]} 17. Ndf3 {[%emt 0:01:05]} Nxe5 {[%emt 0:10:21]} 18. Nxe5 {[%emt 0:01:19]} Bxe5 {[%emt 0:04:56]} 19. fxe5 {[%emt 0:00:47]} Bd7 {[%emt 0:00:10]} 20. Qb3 {[%emt 0:08:51]} Bb5 {[%emt 0:03:05]} 21. Bxb5 {[%emt 0:05:10]} Qxb5 {[%emt 0:03:13]} 22. a4 {[%emt 0:00:20]} Qc6 {[%emt 0:01:56]} 23. Rac1 {[%emt 0:01:02]} Qe6 {[%emt 0:00:10]} 24. Rc5 {[%emt 0:04:39]} Rac8 {[%emt 0:01:21]} 25. Rfc1 {[%emt 0:01:20]} b6 $14 {[%emt 0:00:29]} 26. R5c3 {[%emt 0:01:19]} Qd7 {[%emt 0:02:52]} 27. b5 {[%emt 0:00:49]} Qf5 {[%emt 0:04:00]} 28. h3 {[%emt 0:03:28]} Kg7 {[%emt 0:00:23]} 29. Rc6 {[%emt 0:01:25]} Ra8 {[%emt 0:01:44]} 30. Rc7 {[%emt 0:04:02]} Rac8 {[%emt 0:04:49]} 31. Kh2 {[%emt 0:02:43]} Rxc7 {[%emt 0:01:11]} 32. Rxc7 {[%emt 0:00:02]} Rd7 {[%emt 0:00:07]} 33. Rc6 {[%emt 0:00:50]} h5 {[%emt 0:01:29]} 34. Qc2 {[%emt 0:01:44]} Qg5 {[%emt 0:03:39]} 35. Qf2 {[%emt 0:00:32]} e6 {[%emt 0:00:20]} 36. Qf4 {[%emt 0:00:53]} Qe7 {[%emt 0:01:10]} 37. Rc8 {[%emt 0:04:38]} Rb7 {[%emt 0:00:50]} 38. Kg3 {[%emt 0:01:16]} Kh7 {[%emt 0:03:38]} 39. Qh4 {[%emt 0:04:51]} Qxh4+ {[%emt 0:02:01]} 40. Kxh4 {[%emt 0:00:03]} Kh6 {[%emt 0:00:24]} 41. Kg3 {[%emt 0:00:43]} Kg5 {[%emt 0:00:39]} 42. Kf3 {[%emt 0:01:02]} Rd7 {[%emt 0:00:05]} 43. e4 {[%emt 0:03:47]} dxe4+ {[%emt 0:00:23]} 44. Kxe4 {[%emt 0:00:03]} Kh4 {[%emt 0:00:25]} 45. Rc3 {[%emt 0:00:39]} g5 {[%emt 0:00:19]} 46. Rf3 {[%emt 0:04:30]} Rc7 {[%emt 0:02:04]} 47. Kd3 {[%emt 0:00:13]} g4 {[%emt 0:00:17]} 48. hxg4 {[%emt 0:00:48]} hxg4 {[%emt 0:00:15]} 49. Rf2 {[%emt 0:06:45]} Kg3 {[%emt 0:00:07]} 50. Ra2 {[%emt 0:00:08]} Kh2 {[%emt 0:00:24]} 51. d5 {[%emt 0:00:18]} exd5 {[%emt 0:00:53]} 52. Kd4 {[%emt 0:00:01]} g3 {[%emt 0:01:07]} 53. Kxd5 {[%emt 0:00:07]} Rc1 {[%emt 0:00:05]} 54. a5 {[%emt 0:02:33]} Rc5+ {[%emt 0:00:15]} 55. Kd6 {[%emt 0:00:36]} Rxb5 {[%emt 0:00:08]} 56. axb6 {[%emt 0:00:06]} axb6 {[%emt 0:00:44]} 57. Ra7 {[%emt 0:00:16]} Rb3 {[%emt 0:01:23]} 58. Rxf7 {[%emt 0:00:12]} Rd3+ {[%emt 0:00:04]} 59. Kc6 {[%emt 0:01:00]} Re3 {[%emt 0:00:06]} 60. Kd6 {[%emt 0:00:45]} b5 {[%emt 0:06:59]} 61. e6 {[%emt 0:00:06]} b4 {[%emt 0:00:04]} 62. e7 {[%emt 0:00:29]} b3 {[%emt 0:00:11]} 63. Rf3 {[%emt 0:00:22]} Rxf3 {[%emt 0:01:45]} 64. e8=Q {[%emt 0:00:08]} Rf2 {[%emt 0:00:38]} 65. Qh5+ {[%emt 0:00:45]} Kxg2 {[%emt 0:00:07]} 66. Qd5+ {[%emt 0:00:11]} Kh2 {[%emt 0:01:08]} 67. Qh5+ {[%emt 0:00:49]} Kg2 {[%emt 0:00:27]} 68. Qd5+ {[%emt 0:00:01]} Rf3 {[%emt 0:00:08]} 69. Qd2+ {[%emt 0:00:15]} Rf2 {[%emt 0:00:29]} 70. Qd5+ {[%emt 0:00:06]} Kh2 {[%emt 0:00:07]} 71. Qh5+ {[%emt 0:00:06]} 1/2-1/2